[Event "BEL-ch U10"]
[Site "Blankenberge"]
[Date "2014.04.19"]
[Round "9"]
[White "Torres Tejeda, Diego"]
[Black "Faybish, Benjamin"]
[Result "1-0"]
[WhiteElo "1598"]
[BlackElo "1407"]
[PlyCount "89"]
[EventDate "2014.04.13"]
[EventType "swiss"]
[EventRounds "9"]
[EventCountry "BEL"]
[SourceTitle "EXT 2022"]
[Source "ChessBase"]
[SourceDate "2021.10.06"]
[SourceVersion "1"]
[SourceVersionDate "2021.10.06"]
[SourceQuality "1"]

1. e4 b6 2. d4 Bb7 3. Bd3 e6 4. Nf3 Nf6 5. Qe2 d5 6. e5 Ne4 7. Nbd2 Nxd2 8. Bxd2 c5 9. c3 Be7 10. 0-0 0-0 11. Ne1 Nc6 12. Qh5 g6 13. Qg4 c4 14. Bc2 Re8 15. f4 Bf8 16. f5 exf5 17. Bxf5 Bc8 18. Bxc8 Rxc8 19. Nf3 Bg7 20. Rf2 Qe7 21. Ng5 Rf8 22. Nxf7 Rce8 23. Raf1 Nd8 24. Bg5 Qc7 25. Nxd8 Rxd8 26. Bxd8 Qxd8 27. Rxf8+ Bxf8 28. Qe6+ Kg7 29. Qf6+ Qxf6 30. Rxf6 Be7 31. Rf3 a5 32. Kf2 a4 33. a3 b5 34. e6 Bf6 35. Re3 Kf8 36. e7+ Bxe7 37. Re5 h6 38. Rxd5 Bg5 39. Rxb5 Bc1 40. Kf3 Ke7 41. Ke4 Kd6 42. Rb4 g5 43. Rxc4 Bxb2 44. Kd3 Kd5 45. Rxa4 1-0

[Event "BEL-ch U10"]
[Site "Blankenberge"]
[Date "2014.04.16"]
[Round "5"]
[White "Muzzi, Daniele"]
[Black "Torres Tejeda, Diego"]
[Result "0-1"]
[WhiteElo "1495"]
[BlackElo "1598"]
[PlyCount "82"]
[EventDate "2014.04.13"]
[EventType "swiss"]
[EventRounds "9"]
[EventCountry "BEL"]
[SourceTitle "EXT 2022"]
[Source "ChessBase"]
[SourceDate "2021.10.06"]
[SourceVersion "1"]
[SourceVersionDate "2021.10.06"]
[SourceQuality "1"]

1. e4 e5 2. Nf3 Nc6 3. d4 exd4 4. Bc4 Nf6 5. e5 d5 6. exd6 Qxd6 7. 0-0 Be7 8. Re1 0-0 9. Bb5 Bg4 10. Bxc6 bxc6 11. Qxd4 Bxf3 12. Qxd6 Bxd6 13. gxf3 Rab8 14. b3 Rfd8 15. Bb2 Bc5 16. Nc3 Rd2 17. Re2 Rbd8 18. Rae1 h6 19. Na4 Rxe2 20. Rxe2 Nh5 21. Re4 Rd1+ 22. Kg2 Bd6 23. Be5 Bxe5 24. Rxe5 g5 25. h3 Nf4+ 26. Kh2 Rd2 27. Rc5 Rxf2+ 28. Kh1 Rxf3 29. Rxc6 Rxh3+ 30. Kg1 Ne6 31. Rc4 Kg7 32. Nc3 Kg6 33. Ne2 h5 34. a4 Re3 35. Kf2 Re5 36. b4 g4 37. Ng1 Kg5 38. Rc3 h4 39. Rd3 g3+ 40. Kf1 Kg4 41. c4 h3 0-1